00317nam a2200133 4500020001800000082001400018100001300032245004000045260002900085300001000114650002000124650001900144650002000163 a9788121903592 a660.2 DAR aDara,S.S aA textbook of engineering chemistry aNew DelhibS.Chandc1986 a960 p aWater treatment aphotochemistry agreen chemistry